Azadi's daughter being a seculiar Muslim in India : (Record no. 151940)

MARC details
000 -LEADER
fixed length control field 00574nam a22001817a 4500
005 - DATE AND TIME OF LATEST TRANSACTION
control field 20180508163648.0
010 ## - LCCN (DPL NO)
LC control number ENG-123006
020 ## - INTERNATIONAL STANDARD BOOK NUMBER
Terms of availability 299.00
International Standard Book Number 9789386582195
035 ## - SYSTEM CONTROL NUMBER
System control number EN-106538
037 ## - SOURCE OF ACQUISITION
Stock number DBAD/PUB.
082 ## - DEWEY DECIMAL CLASSIFICATION NUMBER
Classification number 305.486970954
100 ## - MAIN ENTRY--PERSONAL NAME
Personal name Mustafa, Seema
245 ## - TITLE STATEMENT
Title Azadi's daughter being a seculiar Muslim in India :
Statement of responsibility, etc by Seema Mustafa
Remainder of title A Memoir /
260 ## - PUBLICATION, DISTRIBUTION, ETC. (IMPRINT)
Place of publication, distribution, etc New Delhi
Name of publisher, distributor, etc Speaking Tiger
Date of publication, distribution, etc 2017
270 ## - ADDRESS
Address 4381/4, Ansari Road, Daryaganj
City New Delhi
Postal code 110002
300 ## - PHYSICAL DESCRIPTION
Extent 185p.
Other physical details 20cm(pbk)
942 ## - ADDED ENTRY ELEMENTS (KOHA)
Source of classification or shelving scheme Dewey Decimal Classification
Item type English Books
Classification part 305.486970954
Call number suffix MUS
Holdings
Withdrawn status Lost status Not for loan Collection code Home library Current library Date acquired Cost, normal purchase price Full call number Barcode Copy number Cost, replacement price Koha item type
    Not For Loan Non-fiction D.B.Act.Division Central Library 08/05/2018 299.00 305.486970954 MUS EN-106538 1 299.00 English Books

© Delhi Public Library
Hit Counter
free hit counter